000 00289nam a22001337a 4500
008 180927b xxu||||| |||| 00| 0 eng d
020 _a9780073325538
041 _aeng
080 _28th
_a37
100 _a25
101 _aEDU
245 _aPuntos de partida
_cKnorre,M
942 _2udc
_cBK
999 _c48546
_d48546